Őszinte legyek : versek /
Uložené v:
| Hlavný autor: | |
|---|---|
| Médium: | Kniha |
| Jazyk: | Hungarian |
| Vydané: |
Bratislava :
AB-ART,
2004
|
| Vydanie: | 1. kiad. |
| Edícia: | Start
zv. 13 |
| Témy: | |
| ISBN: |
8089006639 (brož.) |
| Fyzický popis: |
71 s. : il. ; 20 cm |
| Tagy: |
Pridať tag
Žiadne tagy, Buďte prvý kto otaguje tento záznam!
|
Titul je dostupný aj v ... 

MARC
| LEADER | 00000nam a2200000 a 4500 | ||
|---|---|---|---|
| 001 | 000000434 | ||
| 005 | 20061212094902.0 | ||
| 008 | 040308s2004 xo a e 000 p huno | ||
| 020 | |a 8089006639 (brož.) | ||
| 040 | |a SVKKK |b slo |c SVKKK |e AACR2 | ||
| 041 | 0 | |a hun | |
| 044 | |a xo |c SK | ||
| 072 | 7 | |a 821.511.1 |x Ugrofínske literatúry |2 konspekt | |
| 080 | |a 821.511.141-1 |2 1997 | ||
| 080 | |a (0:82-1) |2 1997 | ||
| 100 | 1 | |a Haraszti, Ágnes |4 aut | |
| 245 | 1 | 0 | |a Őszinte legyek : |b versek / |c Haraszti Ágnes |
| 250 | |a 1. kiad. | ||
| 260 | |a Bratislava : |b AB-ART, |c 2004 | ||
| 300 | |a 71 s. : |b il. ; |c 20 cm | ||
| 440 | 0 | |a Start |v zv. 13 | |
| 500 | |a Tiráž aj slov. | ||
| 655 | 7 | |a maďarská poézia |2 SVKKKPH | |
| 655 | 7 | |a umelecká literatúra |2 SVKKKPH | |
| 919 | |a 80-89006-63-9 | ||
| 998 | |a BK | ||
| 090 | |g SCKHL |k Sklad Pribinova 2. posch. |a III.196297 |j 959859 |i 2720020854 |s Absenčne | ||
| 090 | |g SCKHL |k Sklad Pribinova 2. posch. |a III.203787 |j 980982 |i 2720081866 |s Absenčne | ||